| 000 | 06618namaa22004331i 4500 | ||
|---|---|---|---|
| 003 | EG-GICUC | ||
| 005 | 20260122125751.0 | ||
| 008 | 260119s2025 ua a|||frm||| 000 0 eng d | ||
| 040 |
_aEG-GICUC _beng _cEG-GICUC _dEG-GICUC _erda |
||
| 041 | 0 |
_aeng _beng _bara |
|
| 049 | _aDeposit | ||
| 082 | 0 | 4 | _a615.82 |
| 092 |
_a615.82 _221 |
||
| 097 | _aM.Sc | ||
| 099 | _aCai01.21.10.M.Sc.2025.Is.E | ||
| 100 | 0 |
_aIsraa Ahmed Kamal El-Din, _epreparation. |
|
| 245 | 1 | 0 |
_aEffect of combined exercises on quality of life and risk of falling in sarcopenic elderly patients / _cby Israa Ahmed Kamal El-Din ; Supervisors Prof. Nesren Ghareeb El-Nahas Prof, Prof. DR. Gehad Ali Abd El Haseeb. |
| 246 | 1 | 5 | _aتأثير التمارين المركبه علي جودة الحياه و خطر السقوط في حاله ضعف العضلات للمرضي المسنين |
| 264 | 0 | _c2025. | |
| 300 |
_a99 pages : _billustrations ; _c25 cm. + _eCD. |
||
| 336 |
_atext _2rda content |
||
| 337 |
_aUnmediated _2rdamedia |
||
| 338 |
_avolume _2rdacarrier |
||
| 502 | _a Thesis (M.Sc)-Cairo University, 2025. | ||
| 504 | _aBibliography: pages 80-90. | ||
| 520 | 3 | _aof falling in sarcopenic elderly patients. Patient and Methods: A total 50 sarcopenic elderly women participated in this study their ages ranged from (65:75 years) were chosen from Agouza Police Hospital, they were referred by the physician. They were randomly assigned into two equal groups. Study Group (A): included 25 patients who received combined (Resisted, aerobic and balance exercise) for successive 12 weeks, 2 times per week, 55 minutes for each session. Control group (b): included 25 patients who received only Resisted exercise for successive 12 weeks, 2 times per week, 20 minutes for each session, Assessment the SARC-F questionnaire , Dynamic gait index (DGI) , The Berg Balance Scale (BBS), and the KATZ ADL ,were evaluated before and after the intervention. Results: Post 12 weeks of intervention, the study group had a significant lowering in SARC-F score by 60.5% contrasted to the control group 29.7% , the Dynamic Gait Index (DGI) was significantly increased by 33.1% in the study group contrasted to 17.9% in the control group , the Berg Balance scale (BBS) was significantly increased by 21% in the study group contrasted to 12.9% in the control group, the KATZ Index was significantly increased by 44% in the study group contrasted to the 32.5% in the control group. There was a significant difference in favour of study group (P<0.05). Conclusion: In older adults with sarcopenia, the combined exercise had the upper hand in improving gait, balance, and physical function more than the resistance exercise alone. | |
| 520 | 3 | _aالهدف من الدراسة: لتحديد تأثير التمارين المركبة على المشي، الوظائف البدنية، والوقاية من خطر السقوط لدى المرضى المسنين المصابين بالساركوبينيا (فقدان الكتلة العضلية). المرضى وطرق البحث: شارك في هذه الدراسة خمسون مريضة مسنّة مصابة بالساركوبينيا (فقدان الكتلة العضلية) تتراوح أعمارهن بين 65 و75 عامًا، تم اختيارهن مستشفى الشرطة بالعجوزة والعيادات الخارجية، حيث تم تحويلهم من قبل الطبيب. تم تقسيمهن عشوائيًا إلى مجموعتين متساويتين. مجموعة الدراسة (أ): شملت 25 مريضة تلقين برنامجًا تدريبيًا مركبًا يتضمن تمارين مقاومة، تمارين هوائية، وتمارين توازن لمدة 12 أسبوعًا متتاليًا، بمعدل جلستين في الأسبوع، لمدة 55 دقيقه كل جلسة. مجموعة التحكم (ب): شملت 25 مريضة تلقين تمارين مقاومة فقط لمدة 12 أسبوعًا متتاليًا، بمعدل جلستين في الأسبوع، لمدة 20 دقيقة كل جلسة. تم استخدام استبيان القوة والقدرة البدنية لكشف الساركوبينيا (SARC-F) ومؤشر المشي الديناميكي (DGI) ,مقياس توازن بيرغ (BBS) ,مقياس كاتز للاستقلالية في الأنشطة الأساسية للحياة اليومية (KATZ ADL). يتم تقييم الأنشطة المنفذة قبل وبعد التدخل. النتائج: بعد 12 أسبوعًا من التدخل، شهدت مجموعة الدراسة انخفاضًا كبيرًا في درجة استبيان القوة والقدرة البدنية لكشف الساركوبينيا ( SARC-F) 60.5% مقارنةً بمجموعة التحكم التي كانت29.7%، وزاد مقياس تقييم المشي الديناميكي (DGI) بشكل كبير بمقدار 33.1% في مجموعة الدراسة مقارنةً بـ 17.9% في مجموعة التحكم، وزاد مقياس توازن بيرغ (BBS) بشكل كبير بمقدار 21% في مجموعة الدراسة مقارنةً بـ 12.9% في مجموعة التحكم، وزاد مؤشر مقياس كاتز للاستقلالية في الأنشطة الأساسية للحياة اليومية(KATZ) بشكل كبير بمقدار 44% في مجموعة الدراسة مقارنةً بـ 32.5% في مجموعة التحكم. كان هناك فرق كبير لصالح مجموعة الدراسة (P<0.05). الخلاصة: في كبار السن الذين يعانون من الساركوبينيا، كان للتمارين المركبة اليد العليا في تحسين المشي والتوازن والوظيفة البدنية أكثر من تمارين المقاومة وحدها. | |
| 530 | _aIssues also as CD. | ||
| 546 | _aText in English and abstract in Arabic & English. | ||
| 650 | 0 | _aPhysical Therapy | |
| 650 | 0 | _aالعلاج الطبيعي | |
| 653 | 1 |
_aSarcopenia _aCombined Exercise _aQuality of life _aRisk of falling _aBalance Exercise _aGeriatric _aالكتلة العضلية _aضمور العضلات |
|
| 700 | 0 |
_aNesren Ghareeb El-Nahas _ethesis advisor. |
|
| 700 | 0 |
_aGehad Ali Abd El Haseeb _ethesis advisor. |
|
| 900 |
_b01-01-2025 _cNesren Ghareeb El-Nahas _cGehad Ali Abd El Haseeb _UCairo University _FFaculty of Physical Therapy _DDepartment of Physical Therapy for Cardiovascular /Respiratory Disorder and Geriatrics |
||
| 905 |
_aShimaa _eEman Ghareb |
||
| 942 |
_2ddc _cTH _e21 _n0 |
||
| 999 | _c177867 | ||